|
|
|
|
| LEADER |
00000nam0a2200000 4500 |
| 001 |
367310 |
| 005 |
20231102011953.0 |
| 035 |
|
|
|a (RuTPU)RU\TPU\retro\24673
|
| 090 |
|
|
|a 367310
|
| 100 |
|
|
|a 20220309d1979 km y0rusy50 ca
|
| 101 |
0 |
|
|a rus
|
| 102 |
|
|
|a UA
|
| 105 |
|
|
|a a e 001zd
|
| 200 |
1 |
|
|a Биографический словарь деятелей в области математики
|f А. И. Бородин, А. С. Бугай
|g под ред. И. И. Гихмана
|
| 210 |
|
|
|a Киев
|c Радянська школа
|d 1979
|
| 215 |
|
|
|a 608 с.
|c ил.
|
| 320 |
|
|
|9 572
|a Указ. имен: с. 583-607
|
| 606 |
1 |
|
|a Математики
|x Персоналии
|2 stltpush
|3 (RuTPU)RU\TPU\subj\69235
|9 84202
|
| 610 |
1 |
|
|a биографические словари
|
| 610 |
1 |
|
|a математика
|
| 610 |
1 |
|
|a ученые-математики
|
| 610 |
1 |
|
|a открытия
|
| 610 |
1 |
|
|a биографии
|
| 675 |
|
|
|a 51(092)
|v 4
|
| 700 |
|
1 |
|a Бородин
|b А. И.
|g Алексей Иванович
|
| 701 |
|
1 |
|a Бугай
|b А. С.
|g Аркадий Сильверстович
|
| 702 |
|
1 |
|a Гихман
|b И. И.
|4 340
|
| 801 |
|
1 |
|a RU
|b 63413507
|c 20220309
|
| 801 |
|
2 |
|a RU
|b 63413507
|c 20220309
|g RCR
|
| 942 |
|
|
|c BK
|